List of recent references on income tax.

Bibliographic Details
Corporate Author: Library of Congress. Division of Bibliography
Format: Government Document eBook
Language:English
Published: Washington : U.S. GPO, 1921.
Subjects:
Online Access:Connect to the full text of this electronic document

MARC

Tag First Indicator Second Indicator Subfields
LEADER 00000cam a22000001a 4500
001 in00003759727
005 20190408185420.0
006 m o d f
007 cr bn mmmapmmp
008 040322s1921 dcu o f001 0 eng d
035 |a ebd1910600112 
040 |a UMI  |c UMI  |d UtOrBLW 
086 0 |a LC 2.2:In 2/2 
099 |a LC2.2-71 
245 0 0 |a List of recent references on income tax. 
264 1 |a Washington :  |b U.S. GPO,  |c 1921. 
300 |a 1 online resource (96 pages) 
336 |a text  |b txt  |2 rdacontent 
337 |a computer  |b c  |2 rdamedia 
338 |a online resource  |b cr  |2 rdacarrier 
500 |a [annotated bibliography on U.S. and foreign taxation]. 
500 |a Includes indexes. 
500 |a Record is based on bibliographic data in ProQuest U.S. Executive Branch Documents, 1910-1932. Reuse except for individual research requires license from ProQuest, LLC. 
533 |a Electronic reproduction.  |b [Bethesda, Md.] :  |c ProQuest,  |d 2012.  |e digital, PDF file.  |n ProQuest U.S. Executive Branch Documents, 1910-1932.  |n Mode of access: World Wide Web via ProQuest website. 
538 |a System requirements: PDF reader software. 
500 |a Electronic resource. 
610 2 0 |a Library of Congress.  |b Division of Bibliography.  |0 http://id.loc.gov/authorities/names/n80009686 
650 0 |a Bibliography.  |0 http://id.loc.gov/authorities/subjects/sh85013838 
650 0 |a Income tax.  |0 http://id.loc.gov/authorities/subjects/sh85064772 
655 7 |a Electronic books.  |2 local 
710 2 |a Library of Congress.  |b Division of Bibliography.  |0 http://id.loc.gov/authorities/names/n80009686 
776 1 8 |i Microfiche version:  |t List of recent references on income tax  |o CIS US Exec MF LC2.2-71  |w (ProQuest)cis19160066 
856 4 0 |u http://proxy.library.tamu.edu/login?url=http://congressional.proquest.com/congressional/docview/t66.d71.lc2.2-71  |z Connect to the full text of this electronic document  |t 0 
999 f f |s 6b276145-0d9d-3283-9981-45df14370920  |i 8bef5036-086f-361c-9c8b-1592f8771faa  |t 0 
952 f f |a Texas A&M University  |b College Station  |c Electronic Resources  |d Available Online  |t 0  |h No information provided 
998 f f |t 0  |l Available Online